Atypické zmluvy v pracovnom práve

Podrobná bibliografia
Hlavný autor: Barancová, Helena, 1949- (Autor)
Médium: Článok
Jazyk:slovenčina
ISSN:1211-0930
Predmet:

MARC

LEADER 00000nab a2200000 a 4500
001 vtls000667218
003 SK-MaSNL
005 20260303183055.0
008 180206c1998 xo 0 slo
015 |a SNBRB1998/07-18190 
035 |a CLN000019400 
040 |a SNKBUCL  |b slo  |c SNKBUCL  |e AACR2 
041 0 |a slo 
044 |a xo  |c SK 
080 |a 349.2  |2 UDC-MRF-SK2 
100 1 |a Barancová, Helena,  |d 1949-  |4 aut  |9 85515 
245 1 0 |a Atypické zmluvy v pracovnom práve  |c Helena Barancová 
504 |a Bibliogr. odkazy 
650 0 7 |a právo pracovné  |x vzťahy pracovnoprávne  |2 snkbucl  |9 637945 
655 7 |a články z novín a časopisov  |2 snkbucl  |9 267496 
773 0 |x 1211-0930  |t Práca a mzda  |g Roč. 4/46, č. 7-8 (1998), s. 21-24 
850 |a Slovenská národná knižnica v Martine 
852 |a SNK  |b KIS3GCP 
958 |a RBX 
999 |c 2119260  |d 2121190